Masadir al-sirah al-Nabawiyah wa-manahijuha : al-madaris al-hadithah anmudhajan /
مصادر السيرة النبوية ومناهجها : المدارس الحديثة أنموذجا /
محفوظ في:
| المؤلف الرئيسي: | |
|---|---|
| التنسيق: | أطروحة كتاب |
| اللغة: | Arabic |
| الموضوعات: | |
| الوسوم: |
إضافة وسم
لا توجد وسوم, كن أول من يضع وسما على هذه التسجيلة!
|
| LEADER | 02017cam a2200397 a 4500 | ||
|---|---|---|---|
| 001 | u872485 | ||
| 003 | SIRSI | ||
| 005 | 201301181705 | ||
| 008 | 130118s2012 my a t 000 0 ara m | ||
| 040 | |a UMA |d UMM |e rda | ||
| 066 | |c (3 | ||
| 090 | |a BP42 |b A2 UMP 2012 Sae | ||
| 094 | |a BP42 |b A2 UMP 2012 Sae | ||
| 100 | 1 | |6 880-01 |a Saeed, Fahd Abdulalem Mohammed |e author. | |
| 245 | 1 | 0 | |6 880-02 |a Masadir al-sirah al-Nabawiyah wa-manahijuha : |b al-madaris al-hadithah anmudhajan / |c Fahd `Abd al-`Alim Muhammad Sa`id. |
| 246 | 1 | 5 | |a Sources and methodologi of the prophetic Sirah : |b a critical study with a special emphasis on the modern school |
| 246 | 3 | |a Sources and methodology of the prophetic Sirah : |b a critical study with a special emphasis on the modern school | |
| 264 | 1 | |c 2012. | |
| 264 | 4 | |c 2012. | |
| 300 | |a 17, 293 leaves : |b illustrations ; |c 30 cm. | ||
| 336 | |a text |2 rdacontent | ||
| 337 | |a unmediated |2 rdamedia | ||
| 338 | |a volume |2 rdacarrier | ||
| 500 | |a Text in Arabic script. | ||
| 502 | |a Thesis (Ph.D) -- Jabatan Sejarah dan Tamadun Islam, Akademi Pengajian Islam, Universiti Malaya, 2012. | ||
| 504 | |a Bibliography: leaves 260-293. | ||
| 600 | 0 | 0 | |a Muhammad, |c Prophet, |d d. 632 |x Biography |x History and criticism. |
| 650 | 0 | |a Islam |x Historiography. | |
| 710 | 2 | |a Universiti Malaya. |b Jabatan Sejarah dan Tamadun Islam. | |
| 880 | 1 | |6 100-01/(3/r |a سعيد، فهد عبد العالم محمد. | |
| 880 | 1 | 0 | |6 245-02/(3/r |a مصادر السيرة النبوية ومناهجها : |b المدارس الحديثة أنموذجا / |c فهد عبد العالم محمد سعيد. |
| 900 | |a JAR | ||
| 596 | |a 1 12 18 | ||
| 999 | |a BP42 A2 UMP 2012 SAE |w LC |c 1 |i A515422468 |d 23/7/2018 |e 23/7/2018 |f 19/3/2013 |g 1 |l RESERVES |m P12ISLAMKL |n 3 |r Y |s Y |t TESIS |u 19/3/2013 | ||
| 999 | |a BP42 A2 UMP 2012 SAE |w LC |c 1 |i A514681364 |l RESERVES |m P18ISLPURI |r Y |s Y |t TESIS |u 20/3/2013 | ||
| 999 | |a BP42 A2 UMP 2012 SAE |w LC |c 1 |i A515293692 |d 26/2/2023 |e 26/2/2023 |f 26/9/2013 |g 1 |l STACKS |m P01UTAMA |n 2 |r Y |s Y |t TESIS |u 26/9/2013 | ||
